Lyrics to 'Besos En Guerra' by Morat - Statistics

General Stats
  • This quiz has been taken 59 times
  • The average score is 291 of 327
Answer Stats
Answer % Correct
beso
100%
besos
100%
en
100%
guerra
100%
me
100%
No
100%
no
100%
por
100%
a
93%
amor
93%
con
93%
de
93%
dijo
93%
dolor
93%
es
93%
está
93%
experta
93%
he
93%
la
93%
matan
93%
mentira?
93%
moriré
93%
nunca
93%
Nunca
93%
Porque
93%
promesas
93%
Que
93%
que
93%
¿Quién
93%
sabido
93%
Sabiendo
93%
Si
93%
si
93%
Siempre
93%
te
93%
ti
93%
tu
93%
93%
Tu
93%
tus
93%
Y
93%
yo
93%
Yo
93%
amigos
86%
arrepiento
86%
aunque
86%
bastará
86%
confieso
86%
corazón
86%
cuidarme
86%
demasiado
86%
Dos
86%
eras
86%
eres
86%
esa
86%
estar
86%
fácil
86%
fue
86%
juego
86%
juraste
86%
latidos
86%
más
86%
mi
86%
86%
mitad
86%
olvidar
86%
otra
86%
Para
86%
para
86%
pedir
86%
peor
86%
perdón
86%
robarle
86%
solo
86%
son
86%
testigos
86%
tienes
86%
un
86%
vas
86%
Ya
86%
caso
79%
conquistarte
79%
enamorado
79%
Ganaré
79%
hagas
79%
ileso
79%
morirá
79%
riman
79%
saldría
79%
soldado
79%
adviertan
71%
atrevas
71%
estoy
71%
sufriendo
71%
vida
71%
aceptar
64%
admitir
64%
al
64%
casualidad
64%
perdí
64%
podría
64%
quiero
64%
vuelves
64%
batallas
57%
estés
57%
perdida
57%
No matching quizzes found
Score Distribution
Percent of People with Each Score
Percentile by Number Answered
Your Score History
You have not taken this quiz